| 000 | 00734nas a2200253 4500 | ||
|---|---|---|---|
| 001 | BR9207764 | ||
| 003 | BR-BrBNA | ||
| 005 | 20231205093037.0 | ||
| 007 | ta | ||
| 008 | 230509b bl.|||p| |||| 00| 00por d | ||
| 040 |
_aBR-BrBNA _bpor _cBiblioteca Nacional de Agricultura |
||
| 041 | _a(Pt) | ||
| 072 | _aF03 | ||
| 100 | 1 | _aAmaral, H.M. do | |
| 245 | 1 | _aCondicoes fitossanitarias de sementes olericolas importadas | |
| 650 | _aSEMENTE | ||
| 650 | _aOLERICULTURA | ||
| 650 | _aVARIEDADE | ||
| 650 | _aIMPORTACAO | ||
| 650 | _aCONTROLE CULTURAL | ||
| 773 | 0 |
_tRevista Brasileira de Sementes (Brazil) _xISSN 0101-3122 _g(1979), v. 1(2) p. 78-84 _wBR9207764 |
|
| 909 |
_a202311 _bLúcia _c55 _dLúcia Elande |
||
| 942 |
_2AGRIS _n0 _cANA |
||
| 999 |
_c135848 _d135848 |
||